|
|
|
|
| LEADER |
00000nab a2200000 a 4500 |
| 001 |
vtls008874233 |
| 003 |
SK-MaSNL |
| 005 |
20260304215310.0 |
| 008 |
250505c2004 xo 0 slo |
| 015 |
|
|
|a SNBCL2005/5
|
| 035 |
|
|
|a SLK034485
|
| 035 |
|
|
|a urn:nbn:sk:snk-ab2u7s
|
| 035 |
|
|
|a (urnnbn)urn:nbn:sk:snk:ar-a02y7g
|
| 035 |
|
|
|a (uuid)3e5d63a9-323e-4308-a3ea-11a7feb21645
|
| 040 |
|
|
|a SNKBUCL
|b slo
|c SNKBUCL
|e AACR2
|
| 041 |
0 |
|
|a slo
|b eng
|b slo
|
| 044 |
|
|
|a xo
|c SK
|
| 080 |
|
|
|a 159.9.07
|2 1981
|
| 100 |
1 |
|
|a Popelková, Marta,
|d 1957-
|4 aut
|9 27089
|
| 245 |
1 |
0 |
|a Sledovanie vplyvu dvoch typov výcvikových programov na vybrané interpersonálne a osobnostné premenné
|c Marta Popelková, Marta Zaťková
|
| 246 |
1 |
0 |
|a Follow-up of two types of training programs influence on interpersonal and personality variables
|
| 246 |
1 |
1 |
|a Follow-up of two types of training programs influence on interpersonal and personality variables
|
| 300 |
|
|
|b Tab.
|
| 504 |
|
|
|a Res. angl., slov.
|
| 504 |
|
|
|a Bibliogr. odkazy
|
| 650 |
0 |
7 |
|a psychológia
|2 MESH
|9 807
|
| 650 |
0 |
7 |
|a študenti
|x psychológia
|2 MESH
|9 859940
|
| 650 |
0 |
7 |
|a sociálna práca
|2 MESH
|9 1550
|
| 650 |
0 |
7 |
|a sociálna psychológia
|2 MESH
|9 1007
|
| 650 |
0 |
7 |
|a sociálne správanie
|2 MESH
|9 4927
|
| 650 |
0 |
7 |
|a dotazník osobnostný
|2 MESH
|9 1209660
|
| 700 |
1 |
|
|a Zaťková, Marta,
|d 1977-
|4 aut
|9 212092
|
| 773 |
0 |
|
|t Psychológia a patopsychológia dieťaťa
|g Roč. 39, č. 4 (2004), s. 311-325
|x 0555-5574
|
| 850 |
|
|
|a Slovenská národná knižnica
|
| 852 |
|
|
|a Slovenská národná knižnica
|
| 954 |
|
|
|a odborná, vedecká literatúra pôvodná (slovenská)
|2 lita
|
| 958 |
|
|
|a article2022
|
| 958 |
|
|
|a OND
|
| 958 |
|
|
|a EUIPO
|
| 999 |
|
|
|c 3145821
|d 3147751
|